Town and country planning (Record no. 60083)

MARC details
000 -LEADER
fixed length control field 00486nam a2200133 a 4500
008 - FIXED-LENGTH DATA ELEMENTS--GENERAL INFORMATION
fixed length control field 120416s9999 ||||||||||||||||| || u
050 ## - LIBRARY OF CONGRESS CALL NUMBER
Classification number NA 9031 Abe
100 ## - MAIN ENTRY--PERSONAL NAME
Personal name Abercombie, Sir, Partrick
245 10 - TITLE STATEMENT
Title Town and country planning
Statement of responsibility, etc. revised by D. Rigiby Bhilds
246 ## - VARYING FORM OF TITLE
Title proper/short title Patrick Abercrombie
260 ## - PUBLICATION, DISTRIBUTION, ETC.
Place of publication, distribution, etc. [1959]
350 ## - PRICE (NR) (BK AM CF MU VM SE) [OBSOLETE]
Price 0.00
995 ## - RECOMMENDATION 995 [LOCAL, UNIMARC FRANCE]
-- 0.00
-- CBU-MAIN LIBRARY (Kitwe)
-- 1
-- 0.00
-- 1
-- LOST
-- Main Library Open Access Collection
Holdings
Withdrawn status Lost status Source of classification or shelving scheme Damaged status Not for loan Home library Current library Shelving location Date acquired Total Checkouts Full call number Barcode Date last seen Price effective from Koha item type
          CBU-MAIN LIBRARY, KITWE. CBU-MAIN LIBRARY, KITWE.   11/30/2022   NA 9031 Abe 010623 11/30/2022 11/30/2022 MONOGRAPH